| 000 | 01675cam a2200253 4500 | ||
|---|---|---|---|
| 001 | L136134 | ||
| 002 | 16428 | ||
| 008 | 070112n2005 000 0 eng u | ||
| 020 |
_a047168032 _a9780471680321 |
||
| 035 | _a(Sirsi) u136134 | ||
| 041 | 0 | _aeng | |
| 050 | 0 | 4 | _a658.404 $2 18 |
| 100 | 1 | _aRosenu, Milton D. | |
| 245 | 0 | 0 |
_aSuccessful project management _ba step by step approach with practical examples |
| 260 |
_aHoboken _bWiley _c2005 |
||
| 300 |
_axix, 360p. _c24cm. |
||
| 505 | 2 | _aProjects, project management, and program management -- Linking the project to the product -- Balancing competing demands with the triple constraint -- Contracts, negotiations and proposals -- Planning the project -- The work breakdown structure -- Scheduling -- Time estimating and compressing the schedule -- Cost estimating and budgeting -- The impact of limiting resources -- Project risk and issues management -- organisational design for delivering projects -- Building the project team -- Organising the support team -- The role of the project manager -- Practical tips for project managers -- Essentials of project control --Project reviews -- Project cost reports -- Handling project changes -- Solving the inevitable problems -- Closing the contract -- Final wrap-up -- Small projects -- New product development projects -- Project management software | |
| 520 | _aDiscusses how to define the goals of a project, managing resources and the people who work on the project, controlling the project and the completion of the project. | ||
| 590 | _aKA | ||
| 651 | 4 | _aInternational | |
| 690 |
_aProject management _96261 |
||
| 700 | 1 | _aGithens, Gregory D. | |
| 942 | _n0 | ||
| 999 |
_c106329 _d106329 |
||